000
00258nam a2200097Ia 4500
001
851815
005
20250826174503.0
008
250824s9999 xx 000 0 und d
245
0
_a
KAHRAMANLAR ÇANAKKALEDE
_c
AHMET HALDUN TERZİOĞLU
260
_b
PANAMA YAYINLARI
999
_c
851815
_d
851815